000 00691nam a2200241Ia 4500
003 OSt
005 20221007080740.0
006 a|||||r|||| 00| 0
007 ta
008 221006b |||||||| |||| 00| 0 eng d
024 _a43,080
037 _cTextual
040 _aFLL
_cFLL
_beng
041 _2eng
_aeng
082 _aU287:(G:55).1, Q2
100 _aBrunne J. Ed.
_9695409
245 0 _aPromoting compliance in an evolving climate regime
260 _aNew York
_bCabridge University Press UK
_c2012
300 _axv,495p
_ccm.
700 _a Doelle M.
_9695410
942 _hU287:(G:55).1, Q2
_cTEXL
_2CC
999 _c1160779
_d1160779